Normal view
MARC view
- Chemical Engineering - MS Thesis
Entry Topical Term
001 - CONTROL NUMBER
- control field: 16130
003 - CONTROL NUMBER IDENTIFIER
- control field: NUST
005 - DATE AND TIME OF LATEST TRANSACTION
- control field: 20190701055533.0
008 - FIXED-LENGTH DATA ELEMENTS
- fixed length control field: 190701|| aca||aabn | a|a d
040 ## - CATALOGING SOURCE
- Original cataloging agency: NUST
- Transcribing agency: NUST
150 ## - HEADING--TOPICAL TERM
- Topical term or geographic name entry element: Chemical Engineering - MS Thesis
670 ## - SOURCE DATA FOUND
- Source citation: Work cat.: (NUST): Zafar, Nida 16129, Encapsulation of Urea Fertilizer in Fluidized Bed Coater Using Carboxylic Acids as Additives /, 2019.
